书目信息 |
| 题名: |
日语听解中级教程
|
|
| 作者: | 周琛 , 薛倩 , 祝涵君 编著 | |
| 分册: | 2 | |
| 出版信息: | 南京 南京大学出版社 2009.12 |
|
| 页数: | 204页 | |
| 开本: | 23cm | |
| 丛书名: | ||
| 单 册: | ||
| 中图分类: | H369.9 | |
| 科图分类: | ||
| 主题词: | 日语--ri yu--听说教学--高等学校--教材 | |
| 电子资源: | ||
| ISBN: | 978-7-305-06483-8 | |
| 000 | 00944nam0 2200265 450 | |
| 001 | 012010857238 | |
| 005 | 20100604153632.09 | |
| 010 | @a978-7-305-06483-8@dCNY31.00 (含光盘) | |
| 010 | @a978-7-88863-344-5@b光盘 | |
| 100 | @a20100604d2009 em y0chiy0120 ea | |
| 101 | 0 | @achi@ajpn |
| 102 | @aCN@b320000 | |
| 105 | @aa z 000yy | |
| 106 | @ar | |
| 200 | 1 | @a日语听解中级教程@Ari yu ting jie zhong ji jiao cheng@h2@f周琛, 薛倩, 祝涵君编著@Fzhou chen,xue qian,zhu han jun bian zhu |
| 210 | @a南京@c南京大学出版社@d2009.12 | |
| 215 | @a204页@c图@d23cm@e光盘1片 | |
| 330 | @a本书分九个大类,列出每一类的常用词汇及常用表达方式,最后借用历年的日语能力考试的真题来分析做题技巧。 | |
| 606 | 0 | @a日语@Ari yu@x听说教学@x高等学校@j教材 |
| 690 | @aH369.9@v4 | |
| 701 | 0 | @a周琛@Azhou chen@4编著 |
| 701 | 0 | @a薛倩@Axue qian@4编著 |
| 701 | 0 | @a祝涵君@Azhu han jun@4编著 |
| 801 | 0 | @aCN@bRULIN@c20100604 |
| 905 | @b781013-15@dH369.9@eZ755:2@f3 | |
| 日语听解中级教程.2/周琛, 薛倩, 祝涵君编著.-南京:南京大学出版社,2009.12 |
| 204页:图;23cm+光盘1片 |
| ISBN 978-7-305-06483-8:CNY31.00 (含光盘) |
| 本书分九个大类,列出每一类的常用词汇及常用表达方式,最后借用历年的日语能力考试的真题来分析做题技巧。 |
| ● |
| 相关链接 |
|
|
|
正题名:日语听解中级教程
索取号:H369.9/Z755:2
 
预约/预借
| 序号 | 登录号 | 条形码 | 馆藏地/架位号 | 状态 | 备注 |
| 1 | 781013 | 207810136 | 语言库209/209语言库 135排1列5层/ [索取号:H369.9/Z755:2] | 在馆 | |
| 2 | 781014 | 207810145 | 语言库209/209语言库 135排1列5层/ [索取号:H369.9/Z755:2] | 在馆 | |
| 3 | 781015 | 207810154 | 语言库209/209语言库 135排1列5层/ [索取号:H369.9/Z755:2] | 在馆 |